| 000 | 00715nam a2200193 a 4500 | ||
|---|---|---|---|
| 003 | 0 | ||
| 005 | 20250314145913.0 | ||
| 008 | 080925s19uu xx 00 eng d | ||
| 050 |
_aPHS BF 698 _b.D54 2008 |
||
| 100 | _aDialani, Rajiv P. | ||
| 245 |
_aPersonality types and effect on upper school students of Southville International School and Colleges / _cRajiv P. Dialani. |
||
| 260 |
_aLas PiƱas City, Philippines : _bSouthville International School and Colleges, _c2008. |
||
| 300 |
_a22 pages : _billustrations ; _c28 cm. |
||
| 504 | _aIncludes bibliographical references. | ||
| 650 | _aPersonality. | ||
| 650 | _aPersonality and academic achievement. | ||
| 650 |
_aStudents _xPsychology. |
||
| 942 |
_2lcc _cPASS |
||
| 999 |
_c98128 _d98128 |
||